Размерные расчеты в задачах оптимизации конструкторско-технологических решений

Մատենագիտական մանրամասներ
Հիմնական հեղինակ: Стрелец А. А. Алексей Александрович
Այլ հեղինակներ: Фирсов В. А. Владимир Александрович
Լեզու:ռուսերեն
Հրապարակվել է: Москва, Машиностроение, 1988
Խորագրեր:
Ձևաչափ: Գիրք
KOHA link:https://koha.lib.tpu.ru/cgi-bin/koha/opac-detail.pl?biblionumber=48722

MARC

LEADER 00000nam0a2200000 4500
001 48722
005 20231031032252.0
010 |a 5217000023 
035 |a (RuTPU)RU\TPU\book\51024 
090 |a 48722 
100 |a 20030321d1988 km y0rusy50 ca 
101 0 |a rus 
102 |a RU 
105 |a a z 001zy 
200 1 |a Размерные расчеты в задачах оптимизации конструкторско-технологических решений  |f А. А. Стрелец, В. А. Фирсов 
210 |a Москва  |c Машиностроение  |d 1988 
215 |a 120 с.  |c ил. 
320 |a Библиогр.: с. 116 
610 1 |a машиностроение 
610 1 |a задачи 
610 1 |a оптимизация 
610 1 |a расчеты 
610 1 |a размерные цепи 
610 1 |a уравнения 
610 1 |a решения 
610 1 |a сборочные процессы 
675 |a 621.001.24  |v 3 
700 1 |a Стрелец  |b А. А.  |g Алексей Александрович 
701 1 |a Фирсов  |b В. А.  |g Владимир Александрович 
801 1 |a RU  |b 63413507  |c 20030321  |g PSBO 
801 2 |a RU  |b 63413507  |c 20081030  |g PSBO 
942 |c BK